Simulation and the Monte Carlo method /
Guardado en:
| Autor Principal: | |
|---|---|
| Formato: | Libro |
| Idioma: | English |
| Publicado: |
New York :
Wiley,
c1981.
|
| Series: | Wiley series in probability and mathematical statistics
|
| Materias: | |
| Acceso en línea: | Publisher description |
| Etiquetas: |
Agregar Etiqueta
Sin Etiquetas, Sea el primero en etiquetar este registro!
|
| LEADER | 01185pam a2200253 a 4500 | ||
|---|---|---|---|
| 001 | MAT.inmabb004278 | ||
| 008 | 810227s1981####nyua#####b####001#0#eng## | ||
| 005 | 20170515132938.0 | ||
| 245 | 1 | 0 | |a Simulation and the Monte Carlo method / |c Reuven Y. Rubinstein. |
| 260 | |a New York : |b Wiley, |c c1981. | ||
| 300 | |a xv, 278 p. : |b il. ; |c 24 cm. | ||
| 440 | 0 | |a Wiley series in probability and mathematical statistics | |
| 504 | |a Incluye referencias bibliográficas e índice. | ||
| 505 | 0 | |a 1. Systems, models, simulation, and the Monte Carlo methods -- 2. Random number generation -- 3. Random variate generation -- 4. Monte Carlo integration and variance reduction techniques -- 5. Linear equations and Markov chains -- 6. Regenerative method for simulation analysis -- 7. Monte Carlo optimization. | |
| 510 | 4 | |a MR, |c 83k:68111 | |
| 020 | |a 0471089176 | ||
| 100 | 1 | |a Rubinstein, Reuven Y. | |
| 650 | 0 | |a Monte Carlo method. | |
| 650 | 0 | |a Digital computer simulation. | |
| 084 | |a 68J05 (65C05) |2 MR | ||
| 010 | |a 81001873 | ||
| 040 | |a DLC |c DLC |d DLC | ||
| 856 | 4 | 2 | |3 Publisher description |u http://www.loc.gov/catdir/description/wiley0310/81001873.html |
| 859 | |h 65 |i R896 |p A-5936 |b BIB. MATEMATICA | ||
